Normal view
MARC view
Entry Personal Name
001 - CONTROL NUMBER
- control field: 19353
003 - CONTROL NUMBER IDENTIFIER
- control field: dpl
005 - DATE AND TIME OF LATEST TRANSACTION
- control field: 20100910112813.0
008 - FIXED-LENGTH DATA ELEMENTS
- fixed length control field: 100910|||a|||||| | ||| d
040 ## - CATALOGING SOURCE
- Original cataloging agency: dpl
- Transcribing agency: dpl
100 ## - HEADING--PERSONAL NAME
- Personal name: विद्यामार्तंड प्रियव्रत वेदवाचस्पति
670 ## - SOURCE DATA FOUND
- Source citation: Work cat.: (dpl)36474: विद्यामार्तंड प्रियव्रत वेदवाचस्पति, समाज का कायाकल्प /, 2010
670 ## - SOURCE DATA FOUND
- Source citation: Work cat.: (dpl)36474: विद्यामार्तंड प्रियव्रत वेदवाचस्पति, समाज का कायाकल्प /, 2010
